000 00948cam a2200301u 4500
001 7533373
003 OSt
005 20260128144944.0
008 830517s1966 mdu 000 0 eng
010 _a 66007549
035 _a7533373
040 _aKABLIB
_cKABLIB
_dKABLIB
050 0 0 _aPR2602
_b.J3 1966a
082 _223
_a817
_bJON
100 1 _aJonson, Ben,
_d1573?-1637.
_914779
240 1 0 _aPlays.
_kSelections
245 1 0 _aThree comedies :
_bVolpone, The alchemist [and] Bartholomew fair.
260 _aBaltimore,
_bPenguin Books
_c[1966]
300 _a488 p.
_c19 cm.
336 _atext
_btxt
_2rdacontent
337 _aunmediated
_bn
_2rdamedia
338 _avolume
_bnc
_2rdacarrier
700 1 _aJamieson, Michael
_q(Michael S.)
_914780
906 _a0
_bcbc
_cpremunv
_du
_encip
_f19
_gy-gencatlg
942 _2ddc
_cBOOK
999 _c5863
_d5863